Konstruktivno-technologiceskie osnovy proektirovanija mikrosborok / (Rekord nr 4017)
| 000 -LEADER | |
|---|---|
| fixed length control field | 00420 a2200121 4500 |
| 020 ## - INTERNATIONAL STANDARD BOOK NUMBER | |
| International Standard Book Number | 5256000616 |
| 100 1# - MAIN ENTRY--PERSONAL NAME | |
| Personal name | Bondarenko, O.E.. |
| Relator term | Autor |
| 245 0# - TITLE STATEMENT | |
| Title | Konstruktivno-technologiceskie osnovy proektirovanija mikrosborok / |
| Statement of responsibility, etc | Bondarenko O.E., Fedotov L.M.. |
| 260 ## - PUBLICATION, DISTRIBUTION, ETC. (IMPRINT) | |
| Place of publication, distribution, etc | Moskva : |
| Name of publisher, distributor, etc | Radio i Svjaz', |
| Date of publication, distribution, etc | 1988. |
| 300 ## - PHYSICAL DESCRIPTION | |
| Extent | 136 s.: |
| Other physical details | il.; |
| Dimensions | 24 cm. |
| 700 1# - ADDED ENTRY--PERSONAL NAME | |
| Personal name | Fedotov, L.M.. |
| Relator term | Autor |
| 710 2# - ADDED ENTRY--CORPORATE NAME | |
| Corporate name or jurisdiction name as entry element | Radio i Svjaz'. |
| Relator term | Wydawca |
| Relator code | pbl |
| 920 ## - | |
| -- | 5-256-00061-6 |
Brak dostępnych egzemplarzy.